000 00275nam a2200109Ia 4500
008 230907s9999||||xx |||||||||||||| ||und||
082 _a332.1091767
_bSCH
100 _aSchoon, Natalie,
_9115956
245 0 _aModern Islamic banking :
300 _axx,172 pages ;
942 _cBK
999 _c600450
_d600450